| 000 | 00584cam a2200241ua 4500 | ||
|---|---|---|---|
| 001 | 10 | ||
| 008 | 190725n ii |||gr||||Z||||||eng | ||
| 020 | _a81-219-2841-9 | ||
| 040 | _cMAIN | ||
| 041 | _aeng | ||
| 082 | _a381.142 | ||
| 100 | _aShukla, Saurabh., | ||
| 245 |
_aE-commerce and its applications _cBy U. S. Pandey |
||
| 250 | _a1st. | ||
| 260 |
_aNew Delhi: _bS. Chand., _c2007. |
||
| 300 |
_a312 p.: _bill; _c22 cm. |
||
| 653 | _aCommerce | ||
| 653 | _aE-commerce | ||
| 700 | _aShukla, Saurabh., | ||
| 700 | _aSrivastava, Rahul., | ||
| 700 | _aPandey, U. S., | ||
| 942 | _cBK | ||
| 999 |
_c7 _d7 |
||